Vista normal
Vista MARC
Derecho Penal : (Registro nro. 17707)
[ vista simple ]
| 000 -Cabecera (24) | |
|---|---|
| Campo de control interno | 02575nam a22002894a 4500 |
| 001 - Número de control | |
| Campo de control | UTEA |
| 005 - Fecha y hora de la | |
| Campo de control | 20260330154259.0 |
| 006 - Campos de control - información adicional | |
| Campos de control | g||||gr||||||01 nz |
| 007 - Tipo material - Descripcion fisica - info general | |
| Tipo material | ta |
| 008 - Códigos de longitud fija (40p) | |
| Campo de control de longitud fija | 260330b pe ||||| |||| 00| 0 spa d |
| 020 ## - INTERNATIONAL STANDARD BOOK NUMBER | |
| ISBN | 9786129900216 |
| 020 ## - INTERNATIONAL STANDARD BOOK NUMBER | |
| ISBN | 9786129900223 |
| 040 ## - Origen de la Catalogacion | |
| Centro catalogador/agencia de origen | UTEA |
| 041 ## - Código de idioma (R) | |
| Código de lengua del texto/banda sonora o título independiente (R) | spa |
| 082 ## - Número de la Clasificación | |
| Número de la Clasificación | 344.2 |
| Notación Interna | A32 2025 |
| 100 ## - Autor Personal | |
| Autor Personal | Aguirre Loayza, Víctor |
| Término indicativo de función (R) | Autor |
| 245 ## - Titulo | |
| Titulo | Derecho Penal : |
| Subtitulo | parte general / |
| Mención del autor | Víctor Aguirre Loayza |
| Medio físico | [Texto Impreso] |
| Número de parte/sección de una obra | Libro 1 y Libro 2 - tomo I |
| 250 ## - Mencion de edicion | |
| Mencion de edicion | 1ra. edición, |
| Resto de la mencion de edicion | Libro 1 y Libros 2 - tomo I |
| 260 ## - Editorial | |
| Ciudad | Lima - Perú, |
| Nombre de la Editorial | Editorial CEMAR-DD INVESTIGACIÓN CIENTIFICA S.R.L. |
| Fecha | 2025 |
| 300 ## - Descripcion | |
| Páginas | 1273 páginas, |
| Dimensiones | 24x19 cm. |
| 300 ## - Descripcion | |
| Páginas | 1029 páginas |
| 505 ## - Nota de contenido formateada | |
| Nota de contenido formateada Índice del Libro] | LIBRO 1: Introducción al derecho penal parte general -- Evolución histórica del derecho penal -- Filosofía del Derecho penal -- Las ciencias penales -- Bases de derecho penal parte general -- Teoría del delito -- Evolución de la teoría del delito -- Teoría del delito. estructura -- Desarrollo de elementos de delitos -- Delitos de acción culposo -- Delitos de omisión propia -- Delitos omisión impropia -- Elementos accidentales del delito -- Teoría de los elementos negativos del tipo penal -- Los dispositivos amplificadores -- Fases de realización del tipo penal -- Unidad y pluralidad de acciones. delitos y leyes -- Consecuencias jurídicas del delito -- Jurisprudencia. LIBROS 2: Delitos contra la vida, el cuerpo y la salud -- Parricidio -- Homicidio calificado -- Homicidio calificado por la condición de la víctima -- Feminicidio -- Sicariato -- La conspiración y el ofrecimiento para el delito de sicariato -- Homicidio por emoción violenta -- infanticidio -- Homicidio culposo -- Homicidio piadoso -- Instigación o ayuda al suicidio -- Aborto -- Autoaborto -- Aborto consentido -- Aborto sin consentimiento -- Lesiones -- Exposición a peligro o abandono de personas en peligro -- Genocidio -- Explotación -- explotación sexual -- Delitos contra el honor -- Delitos contra la familia -- Atentados contra la patria -- Omisión de asistencia familiar -- Delitos contra la libertad -- Violación de la intimidad -- violación del secreto profesional -- violación de la libertad de reunión -- violación de la libertad de expresión -- violación de la libertad sexual -- Ofenas al pudor público -- Disposición común. |
| 650 ## - Temas - Descriptores | |
| Temas - Descriptores | DERECHO PENAL |
| 650 ## - Temas - Descriptores | |
| Temas - Descriptores | EVOLUCIÓN HISTÓRICA |
| 9 (RLIN) | 27869 |
| 650 ## - Temas - Descriptores | |
| Temas - Descriptores | TEORIA DE DELITO |
| 9 (RLIN) | 60540 |
| 942 ## - Datos personalizados Koha | |
| Esquema de Clasificacion | Dewey Decimal Classification |
| Tipo de Documento | Libros |
| Fecha procesamiento | 2026-03-30 |
| Catalogador | Mag. Cecilio Flores Noa |
| Estado de retiro | Estado de pérdida | Fuente de Clasificacion | Estado | No para préstamo | Escuela Profesional/ Mención de Maestría | Localización permanente | Ubicación/localización actual | Ubicación en estantería | Fecha de adquisición | Fuente de adquisición | Signatura topográfica completa | Código de barras | Precio válido a partir de | Tipo de ítem Koha |
|---|---|---|---|---|---|---|---|---|---|---|---|---|---|---|
| Dewey Decimal Classification | E.P. Derecho | Biblioteca Abancay UTEA | Biblioteca Abancay UTEA | Área de Letras y Humanidades (primer Piso) | 03/30/2026 | Donación | 344.2 A32 Lib.1 2025 | BABA26030176 | 03/30/2026 | Libros | ||||
| Dewey Decimal Classification | E.P. Derecho | Biblioteca Abancay UTEA | Biblioteca Abancay UTEA | Área de Letras y Humanidades (primer Piso) | 03/30/2026 | Donación | 344.2 A32 Lib.2 2025 | BABA26030177 | 03/30/2026 | Libros |